000 00368nam a2200145Ia 4500
005 20251222175925.0
008 251222s9999||||xx |||||||||||||| ||spa||
020 _a9786124265365
082 _a657.3/H58
100 _aC.P.C. Hirache Flores, Luz
245 0 _aEstados Financieros Conforme a NIIF
250 _a1ra.ed.
264 _bInstituto PacĂ­fico
942 _cLIB
999 _c40833
_d40833